La educación de los alumnos excepcionales
Gorde:
| Egile Nagusiak: | , , , , , |
|---|---|
| Beste egile batzuk: | , |
| Formatua: | Liburua |
| Hizkuntza: | gaztelania |
| Argitaratua: |
Buenos Aires
Librería del Colegio
1970
|
| Saila: | Biblioteca Nueva Pedagogía
|
| Gaiak: | |
| Etiketak: |
Etiketa erantsi
Etiketarik gabe, Izan zaitez lehena erregistro honi etiketa jartzen!
|
MARC
| LEADER | 00000nam a2200000 a 4500 | ||
|---|---|---|---|
| 001 | UCY9063 | ||
| 003 | CL-VaPUC | ||
| 008 | 950707e19700000AG |||||||||||||||||spa|d | ||
| 082 | 0 | 4 | |a 371.91 |b OJE |2 21 |
| 100 | |a Ojemann, Ralph H. |e autor |9 356630 | ||
| 700 | |a Gallagher, James J |e author |9 356611 | ||
| 700 | |a Peck, Robert F. |e autor |9 356604 | ||
| 700 | 0 | |a Mitchell, James V |e author |9 341080 | |
| 700 | 0 | |a Goldstein, H |e author |9 341081 | |
| 700 | |a Kvaraceus, William C |e author |9 356616 | ||
| 700 | |a Gnagey, William J |e author |9 356596 | ||
| 700 | |a Noar, Gertrude |e autora |9 356595 | ||
| 245 | 1 | 3 | |a La educación de los alumnos excepcionales |
| 300 | |a 315 p | ||
| 942 | |c BK | ||
| 945 | |d 19950707 00:00:00 |a lriquelm | ||
| 260 | |a Buenos Aires |b Librería del Colegio |c 1970 | ||
| 650 | 0 | |a Alumnos atípicos |9 340239 | |
| 650 | 0 | |a Educación especial |9 307486 | |
| 650 | 0 | |a Alumnos dotados |9 335826 | |
| 650 | 7 | |a GENIOS |2 CL-VaPUC |9 335825 | |
| 650 | 7 | |a COMPORTAMIENTO DEL ALUMNO |2 CL-VaPUC |9 338060 | |
| 650 | 0 | |a Minusválidos mentales |9 311830 | |
| 650 | 7 | |a NIÑOS MINUSVALIDOS |2 CL-VaPUC |9 309747 | |
| 650 | 0 | |a Delincuencia juvenil |9 311188 | |
| 650 | 7 | |a NIÑOS SOCIALMENTE DESFAVORECIDOS |2 CL-VaPUC |9 323883 | |
| 650 | 0 | |a Disciplina escolar |9 271077 | |
| 583 | |a last modification |c 20170907 12:57:55 |k Rodrigo Vera | ||
| 490 | 0 | |a Biblioteca Nueva Pedagogía | |
| 999 | |c 236235 |d 236233 | ||
| 952 | |0 0 |1 0 |4 0 |6 371_910000000000000_OJE_1970 |7 0 |8 P |9 244229 |a BIBEDU |b BIBEDU |c BIBEDU_PB |d 2019-11-18 |i 1532332 |o 371.91 OJE 1970 |p 1532332 |r 2024-01-25 |w 2019-11-18 |y BK |k EDU | ||
| 952 | |0 0 |1 0 |4 0 |6 371_910000000000000_OJE_1970 |7 0 |8 P |9 244230 |a BIBEDU |b BIBEDU |c BIBEDU_PB |d 2019-11-18 |i 1532340 |o 371.91 OJE 1970 |p 1532340 |r 2024-01-25 |w 2019-11-18 |y BK |k EDU | ||